• 首页
  • 本馆介绍
  • 公告通知
  • 最新文献
  • 馆藏检索
  • 电子资源
  • 读者导购
  • 参考咨询
  • 我的图书馆
  • 登录
  • 详细信息显示
  • 放入我的书架
  • 预约/预借图书
  • 作者相关作品
  • 分类相关作品
  • 丛书相关作品
  • 出版社相关作品

书目信息

  • 表格格式
  • 工作单格式
  • 卡片格式
题名:
旅游饭店英语
    
 
作者: 劳顿原 著 ;屈友军 编译
分册:  
出版信息: 西安   陕西人民出版社  1987
页数: 218页
开本: 19cm
丛书名:
单 册:
中图分类: H319.9 , H31
科图分类:
主题词: 旅馆-英语-口语--教材 , 英语-旅馆-口语--教材 , 口语-旅馆-英语--教材 , 英语
电子资源:
ISBN:
000 00798nam0 2200301 45
001 0187012147
005 20040511083032.8
010    @dCNY1.80
091    @a9094.118
100    @a19951122d1987 em y0chiy0121 ea
101 1  @achi
102    @aCN@b610000
105    @ay z 000yy
106    @ar
200 10 @a旅游饭店英语@Alu you fan dian ying yu@f(瑞士)劳顿原著@g屈友军编译
210    @a西安@c陕西人民出版社@d1987
215    @a218页@d19cm
606    @a旅馆-英语-口语@x教材
606    @a英语-旅馆-口语@x教材
606    @a口语-旅馆-英语@x教材
606 0  @a英语
690    @aH319.9@v3
690    @aH31
701  1 @a劳顿原@4著@Alao du yuan
702  0 @a屈友军@4编译@Aqu you jun
801  0 @aCN@b深圳图书馆@c20040511
801  2 @aCN@bNLC@c20040511
905    @f1@b204719@dH31@e248
    
    旅游饭店英语/(瑞士)劳顿原著/屈友军编译.-西安:陕西人民出版社,1987
    218页;19cm
    
    
    ISBN :CNY1.80
    
●
相关链接 在E读中查询图书 在五车中查询图书 在当当中查询图书 在豆瓣中查询图书


正题名:旅游饭店英语     索取号:H31/248         预约/预借

序号 登录号 条形码 馆藏地/架位号 状态 备注
1 0204719   000932469   第四借阅区/ [索取号:H31/248] 在馆    
2 0204720   000932423   第二样本阅览室/ [索取号:H31/248] 在馆    
唐山师范学院图书馆 欢迎您!
大连网信软件有限公司© 版权所有